ბათუმის შოთა რუსთაველის სახელმწიფო უნივერსიტეტის ბიბლიოთეკა

თხზულებანი. ტ.2 ბედის ტრიალი:ეკლესიის გარშემო:ლაზარემ გადააჭარბა (ბიბ.ჩანაწერი № 41708)

000 -LEADER
fixed length control field 00938nam a2200205Ia 4500
001 - CONTROL NUMBER
control field 8385
003 - CONTROL NUMBER IDENTIFIER
control field GE_BSU
008 - FIXED-LENGTH DATA ELEMENTS--GENERAL INFORMATION
fixed length control field 181216s||||||||xx |||||||||||||| ||und||
040 ## - CATALOGING SOURCE
Transcribing agency GE_BSU
080 ## - UNIVERSAL DECIMAL CLASSIFICATION NUMBER
Universal Decimal Classification number 821.353.1-32
100 ## - MAIN ENTRY--PERSONAL NAME
Personal name ერისთავ–ხოშტარია,ანასტასია
245 ## - TITLE STATEMENT
Title თხზულებანი. ტ.2 ბედის ტრიალი:ეკლესიის გარშემო:ლაზარემ გადააჭარბა
245 ## - TITLE STATEMENT
Statement of responsibility, etc. წინასიტყვ.ავტ.შ. აფხაიძე. მხატვ. დ. დუნდუა
260 ## - PUBLICATION, DISTRIBUTION, ETC.
Place of publication, distribution, etc. თბილისი
260 ## - PUBLICATION, DISTRIBUTION, ETC.
Name of publisher, distributor, etc. (გ.გ.)
260 ## - PUBLICATION, DISTRIBUTION, ETC.
Date of publication, distribution, etc. 1958
300 ## - PHYSICAL DESCRIPTION
Extent 356გვ.ილ.21სმ.
653 ## - INDEX TERM--UNCONTROLLED
Uncontrolled term თხზულებანი. ტ.2 ბედის ტრიალი:ეკლესიის გარშემო:ლაზარემ გადააჭარბა
942 ## - ADDED ENTRY ELEMENTS (KOHA)
Koha item type წიგნი
ეგზემპლარები
Withdrawn status Lost status Damaged status Not for loan Date acquired Barcode Date last seen Price effective from Koha item type
        2018-12-17 30302 2018-12-17 2018-12-17 წიგნი